|
|
|
|
| LEADER |
00000cam a2200000 4500 |
| 001 |
vtls011910460 |
| 003 |
SK-MaSNL |
| 005 |
20260301185543.0 |
| 008 |
200113s2019 xo a crf 000 0dslo |
| 015 |
|
|
|a SNBA2020/10
|
| 020 |
|
|
|a 9788089990047
|q (brožované)
|
| 040 |
|
|
|a SNK
|b slo
|c SNK
|e rda
|
| 041 |
0 |
|
|a slo
|
| 044 |
|
|
|a xo
|c SK
|
| 072 |
|
7 |
|a 811.162.4
|x Slovenčina
|2 konspekt
|
| 080 |
|
|
|a 811.162.4
|2 2011
|
| 080 |
|
|
|a 81'36
|2 2011
|
| 080 |
|
|
|a 373.3.016
|2 2011
|
| 080 |
|
|
|a 37.04
|2 2011
|
| 080 |
|
|
|a (035)
|2 2011
|
| 100 |
1 |
|
|a Gelányiová, Eva
|4 aut
|9 231876
|
| 245 |
1 |
0 |
|a Bystríková pomôcka
|p Slovenský jazyk
|c Eva Gelányiová, Ivana Drangová
|
| 246 |
3 |
0 |
|a Slovenský jazyk
|
| 250 |
|
|
|a Vydanie prvé
|
| 264 |
|
1 |
|a Veľké Leváre
|b INFRA Slovakia
|c 2019
|
| 300 |
|
|
|a 77 strán
|b tabuľky
|c 21 cm
|
| 336 |
|
|
|a text
|b txt
|2 rdacontent
|
| 337 |
|
|
|a bez média
|b n
|2 rdamedia
|
| 338 |
|
|
|a zväzok
|b nc
|2 rdacarrier
|
| 490 |
1 |
|
|a Bystrík
|
| 500 |
|
|
|a Obsahuje abecedný zoznam skratiek a značiek
|
| 500 |
|
|
|a Obsahuje biografické údaje o autorkách
|
| 500 |
|
|
|a Hrebeňová väzba
|
| 650 |
0 |
7 |
|a slovenčina
|2 SNKPH
|9 1350
|
| 650 |
0 |
7 |
|a gramatika
|2 SNKPH
|9 865
|
| 650 |
0 |
7 |
|a učivo základných škôl
|2 SNKPH
|9 63300
|
| 650 |
0 |
7 |
|a špeciálne vzdelávacie potreby
|2 SNKPH
|9 167414
|
| 650 |
0 |
7 |
|a Slovak language
|2 SNKPHeng
|9 266031
|
| 650 |
0 |
7 |
|a Grammar
|2 SNKPHeng
|9 278150
|
| 650 |
0 |
7 |
|a Elementary school curriculum
|2 SNKPHeng
|9 306214
|
| 650 |
0 |
7 |
|a Special educational needs
|2 SNKPH
|9 336370
|
| 655 |
|
7 |
|a príručky
|2 SNKPH
|9 74364
|
| 655 |
|
7 |
|a Handbooks, manuals, etc.
|2 SNKPHeng
|9 90964
|
| 700 |
1 |
|
|a Drangová, Ivana,
|d 1982-
|4 aut
|9 259392
|
| 830 |
|
0 |
|a Bystrík
|9 373358
|
| 919 |
|
|
|a 978-80-89990-04-7
|
| 958 |
|
|
|a LX
|
| 999 |
|
|
|c 864413
|d 866343
|
| 952 |
|
|
|a SNK
|b SNK
|y NEVYP
|7 1
|p 17A1424928
|o snkSC 188486
|i snk2020/7269
|8 0
|0 0
|1 0
|4 0
|d 2020-05-11
|l 0
|r 2025-10-06 00:00:00
|w 2026-02-24
|
| 952 |
|
|
|a SNK
|b SNK
|y PREZ
|7 0
|p 17A1424929
|o snkSC 188486 D1
|i snk2020/7270
|8 0
|0 0
|1 0
|4 0
|d 2020-05-11
|l 0
|r 2026-02-24 05:22:47
|w 2026-02-24
|